World history: (Record no. 354723)
[ view plain ]
| 000 -LEADER | |
|---|---|
| fixed length control field | 00458nam a2200157Ia 4500 |
| 003 - CONTROL NUMBER IDENTIFIER | |
| control field | SISC |
| 005 - DATE AND TIME OF LATEST TRANSACTION | |
| control field | 20191120141550.0 |
| 008 - FIXED-LENGTH DATA ELEMENTS--GENERAL INFORMATION | |
| fixed length control field | 180205s9999 xx 000 0 und d |
| 020 ## - INTERNATIONAL STANDARD BOOK NUMBER | |
| International Standard Book Number | 9789712724923 |
| 050 ## - LIBRARY OF CONGRESS CALL NUMBER | |
| Classification number | D 21.3 |
| Item number | .D542 2011 |
| 100 ## - MAIN ENTRY--PERSONAL NAME | |
| Personal name | Diaz, Christine L. |
| 245 ## - TITLE STATEMENT | |
| Title | World history: |
| Remainder of title | new perspectives: the renaissance to the global wars / |
| 260 ## - PUBLICATION, DISTRIBUTION, ETC. (IMPRINT) | |
| Place of publication, distribution, etc | Mandaluyong City |
| Name of publisher, distributor, etc | Anvil publishing |
| Date of publication, distribution, etc | 2011 |
| 300 ## - PHYSICAL DESCRIPTION | |
| Extent | viii, 253 pages |
| 942 ## - ADDED ENTRY ELEMENTS (KOHA) | |
| Source of classification or shelving scheme | Library of Congress Classification |
| Koha item type | Books |
| Withdrawn status | Lost status | Source of classification or shelving scheme | Damaged status | Home library | Current library | Shelving location | Date acquired | Source of acquisition | Total Checkouts | Full call number | Barcode | Date last seen | Price effective from | Koha item type |
|---|---|---|---|---|---|---|---|---|---|---|---|---|---|---|
| Library of Congress Classification | Archives | Archives | 02/05/2018 | Library Fund | D 21.3 .D542 2011 | C13998 | 05/08/2018 | 02/05/2018 | Books |